000 00914cam a2200241 4500
001 ABS64794
008 011204n2001 000 0 eng u
035 _a(Sirsi) u115830
100 _aJaunzens, D.
245 _aCreating better buildings
260 _c2001
490 _aFacilities Management
_v9(11) October 2001, 8-9(2)
520 _aArgues facilities teams have a central role to play in communicating an organisation's needs to building design teams. The benefits of having a facilities manager range from meeting client needs more effectively, improved functionality of the building, and cost effectiveness.
590 _aABS
650 _aSTRATEGIC MANAGEMENT
650 _aBUILT ENVIRONMENT-BUILDING COSTS
650 _aFACILITIES MANAGERS
650 _aCOST-EFFECTIVENESS
650 _aDESIGN TEAMS
650 _aCLIENT NEEDS
690 _aMANAGEMENT-FACILITIES MANAGEMENT
942 _n0
999 _c68999
_d68999